[Event "Olympiad-35"]
[Site "Bled"]
[Date "2002.11.10"]
[Round "14.4"]
[White "Al Tamimi, Hamad"]
[Black "Gluzman, Mikhail"]
[Result "1/2-1/2"]
[WhiteElo "2169"]
[BlackElo "2417"]
[PlyCount "250"]
[EventDate "2002.10.26"]
[EventType "team-swiss"]
[EventRounds "14"]
[EventCountry "SLO"]
[SourceTitle "EXT 2003"]
[Source "ChessBase"]
[SourceDate "2002.11.25"]
[SourceVersion "1"]
[SourceVersionDate "2002.11.25"]
[SourceQuality "1"]
[WhiteTeam "Qatar"]
[BlackTeam "Australia"]
[WhiteTeamCountry "QAT"]
[BlackTeamCountry "AUS"]

1. e4 Nc6 2. Nf3 e5 3. Bc4 Nf6 4. d3 Be7 5. 0-0 0-0 6. c3 d6 7. Bb3 Na5 8. Bc2 c5 9. h3 b5 10. d4 cxd4 11. cxd4 Nc6 12. Nc3 a6 13. Bg5 Bb7 14. dxe5 dxe5 15. Bxf6 Bxf6 16. Nd5 Rc8 17. Qe2 g6 18. Nxf6+ Qxf6 19. Bb3 Na5 20. Bd5 Bxd5 21. exd5 Rfe8 22. Rac1 Rcd8 23. Rfd1 e4 24. Nh2 h5 25. b3 Qg5 26. Qd2 Qxd2 27. Rxd2 Re5 28. d6 Re6 29. d7 Kf8 30. Rc7 Rb6 31. Rd4 Rc6 32. Rxc6 Nxc6 33. Rxe4 Rxd7 34. Nf3 Rd1+ 35. Re1 Rd5 36. Re4 a5 37. Kf1 Nb4 38. a4 Rd3 39. Re3 Rxe3 40. fxe3 bxa4 41. bxa4 Nd5 42. Kf2 Nb6 43. Nd4 Nc4 44. Ke2 Ke7 45. Kd3 Nb2+ 46. Kc2 Nxa4 47. Nc6+ Kd6 48. Nxa5 Ke5 49. Kd2 Kd5 50. Nb3 Ke4 51. Nd4 Nb6 52. Ke2 Nc4 53. Nc2 h4 54. Kf2 g5 55. Ke2 f5 56. Kf2 g4 57. hxg4 fxg4 58. Nd4 Nxe3 59. Ne6 Nf5 60. Nf8 g3+ 61. Kg1 Ne7 62. Ne6 Ke3 63. Ng7 Ke2 64. Ne6 Nf5 65. Nf4+ Ke3 66. Nd5+ Ke4 67. Nf6+ Kd4 68. Kf1 Ne3+ 69. Kg1 Nc4 70. Ng4 Nd2 71. Nh6 Ke4 72. Nf7 Kf4 73. Nd6 Nb3 74. Nc4 Nd4 75. Nd2 Kf5 76. Nc4 Nb3 77. Kf1 Ke4 78. Nd6+ Kf4 79. Nc4 Nd4 80. Kg1 Ne6 81. Kf1 Nc5 82. Kg1 Na4 83. Kf1 Nc3 84. Kg1 Nd5 85. Kf1 Ne7 86. Kg1 Ke4 87. Nd2+ Ke3 88. Nc4+ Ke2 89. Nd6 Ke1 90. Nc4 Nf5 91. Ne5 Ke2 92. Ng4 Nd4 93. Ne5 Ke3 94. Nc4+ Kd3 95. Ne5+ Ke2 96. Ng4 Ke1 97. Ne3 Ne2+ 98. Kh1 Kf2 99. Ng4+ Ke1 100. Ne3 Nf4 101. Nf5 Ng6 102. Kg1 Ke2 103. Nd4+ Ke3 104. Nf5+ Ke4 105. Nd6+ Kd3 106. Nf5 Ke4 107. Nd6+ Kf4 108. Nc4 Ne7 109. Nd2 Nd5 110. Nc4 Nc3 111. Nd2 Kg4 112. Nc4 h3 113. gxh3+ Kxh3 114. Ne3 Ne2+ 115. Kf1 Nd4 116. Kg1 Nf3+ 117. Kh1 Ne5 118. Kg1 Nf3+ 119. Kh1 Nd4 120. Kg1 Nf3+ 121. Kh1 Ne5 122. Kg1 Ng4 123. Nxg4 Kxg4 124. Kg2 Kf4 125. Kg1 Ke5 1/2-1/2

[Event "Olympiad-35"]
[Site "Bled"]
[Date "2002.11.04"]
[Round "9.4"]
[White "Gluzman, Mikhail"]
[Black "Arizmendi Martinez, Julen Luis"]
[Result "1/2-1/2"]
[WhiteElo "2417"]
[BlackElo "2510"]
[PlyCount "58"]
[EventDate "2002.10.26"]
[EventType "team-swiss"]
[EventRounds "14"]
[EventCountry "SLO"]
[SourceTitle "EXT 2003"]
[Source "ChessBase"]
[SourceDate "2002.11.25"]
[SourceVersion "1"]
[SourceVersionDate "2002.11.25"]
[SourceQuality "1"]
[WhiteTeam "Australia"]
[BlackTeam "Spain"]
[WhiteTeamCountry "AUS"]
[BlackTeamCountry "ESP"]

1. d4 Nf6 2. c4 g6 3. Nc3 Bg7 4. e4 d6 5. f4 c5 6. d5 0-0 7. Nf3 e6 8. Be2 exd5 9. cxd5 Bg4 10. 0-0 Nbd7 11. Re1 Re8 12. h3 Bxf3 13. Bxf3 Qa5 14. Be3 b5 15. a3 Nb6 16. e5 Nc4 17. exf6 Nxe3 18. Rxe3 Rxe3 19. fxg7 Rae8 20. Qd2 a6 21. Rf1 f5 22. g4 Qd8 23. a4 Qh4 24. Kg2 b4 25. Nd1 fxg4 26. hxg4 Rxf3 27. Rxf3 Qxg4+ 28. Kf2 Qh4+ 29. Kg2 Qg4+ 1/2-1/2

[Event "Olympiad-35"]
[Site "Bled"]
[Date "2002.10.30"]
[Round "5.4"]
[White "Gluzman, Mikhail"]
[Black "Henni, Mohamed"]
[Result "1-0"]
[WhiteElo "2417"]
[BlackElo "2265"]
[PlyCount "87"]
[EventDate "2002.10.26"]
[EventType "team-swiss"]
[EventRounds "14"]
[EventCountry "SLO"]
[SourceTitle "EXT 2003"]
[Source "ChessBase"]
[SourceDate "2002.11.25"]
[SourceVersion "1"]
[SourceVersionDate "2002.11.25"]
[SourceQuality "1"]
[WhiteTeam "Australia"]
[BlackTeam "Algeria"]
[WhiteTeamCountry "AUS"]
[BlackTeamCountry "ALG"]

1. e4 c5 2. Nf3 d6 3. d4 cxd4 4. Nxd4 Nf6 5. Nc3 a6 6. a4 e5 7. Nf3 Be7 8. Be2 Qc7 9. 0-0 0-0 10. h3 h6 11. Re1 Be6 12. a5 Nbd7 13. Nd5 Nxd5 14. exd5 Bf5 15. c4 Bg6 16. b4 f5 17. Ba3 Nf6 18. c5 Bf7 19. Nxe5 dxe5 20. d6 Qd7 21. dxe7 Qxe7 22. Qc2 Ne4 23. b5 Qh4 24. Bd3 Bd5 25. Bxe4 fxe4 26. Rad1 Rfd8 27. c6 bxc6 28. bxc6 e3 29. c7 exf2+ 30. Qxf2 Qxf2+ 31. Kxf2 Rd7 32. Rxe5 Be6 33. Rxd7 Bxd7 34. Rd5 Bc8 35. Rd8+ Kf7 36. Ke3 Ke6 37. Bc5 Kf5 38. g3 g6 39. h4 Kg4 40. Bd6 Kf5 41. Kd4 Ke6 42. Kc5 Kf7 43. Kc6 Ke6 44. Re8+ 1-0

[Event "Australian Masters"]
[Site "Melbourne"]
[Date "2002.07.04"]
[Round "4"]
[White "Solomon, Stephen J"]
[Black "Gluzman, Mikhail"]
[Result "0-1"]
[WhiteElo "2375"]
[BlackElo "2403"]
[PlyCount "98"]
[EventDate "2002.07.01"]
[EventType "tourn"]
[EventRounds "11"]
[EventCountry "AUS"]
[EventCategory "2"]
[SourceTitle "EXT 2004"]
[Source "ChessBase"]
[SourceDate "2003.11.25"]
[SourceVersion "1"]
[SourceVersionDate "2003.11.25"]
[SourceQuality "1"]

1. e4 Nf6 2. e5 Nd5 3. d4 d6 4. c4 Nb6 5. exd6 cxd6 6. Nc3 g6 7. Be3 Bg7 8. Rc1 0-0 9. b3 a5 10. h4 Nc6 11. h5 d5 12. c5 e5 13. Nge2 Re8 14. dxe5 Bxe5 15. hxg6 hxg6 16. cxb6 d4 17. Bh6 Bf5 18. f4 Bf6 19. Kf2 dxc3 20. Qxd8 Raxd8 21. Bg5 Bxg5 22. fxg5 c2 23. g4 Be4 24. Rh3 Ne5 25. Nc3 Nxg4+ 26. Kg1 Bf5 27. Rg3 Ne3 28. Be2 Nd5 29. Kf2 Nxc3 30. Rxc3 Rd2 31. Re3 Rxe3 32. Kxe3 Rd6 33. Rg1 Rxb6 34. Kd2 Rd6+ 35. Kc1 b6 36. Bc4 Kg7 37. a4 f6 38. gxf6+ Kxf6 39. Be2 g5 40. Rf1 Rd4 41. Rg1 Rf4 42. Rg2 Rh4 43. Rg1 Rh2 44. Bf3 Rf2 45. Bh5 Ke5 46. Kb2 Kf4 47. Bf7 g4 48. Bd5 Rd2 49. Bb7 Rd1 0-1

[Event "AUS-ch"]
[Site "Melbourne"]
[Date "2002.01.03"]
[Round "6"]
[White "Johansen, Darryl Keith"]
[Black "Gluzman, Mikhail"]
[Result "0-1"]
[WhiteElo "2524"]
[BlackElo "2400"]
[PlyCount "98"]
[EventDate "2001.12.01"]
[EventType "swiss"]
[EventRounds "11"]
[EventCountry "AUS"]
[SourceTitle "EXT 2003"]
[Source "ChessBase"]
[SourceDate "2002.11.25"]
[SourceVersion "1"]
[SourceVersionDate "2002.11.25"]
[SourceQuality "1"]

1. d4 d5 2. c4 e6 3. Nf3 c5 4. cxd5 exd5 5. Nc3 Nc6 6. g3 Nf6 7. Bg2 Be7 8. 0-0 0-0 9. dxc5 Bxc5 10. Bg5 d4 11. Na4 Be7 12. Rc1 h6 13. Bxf6 Bxf6 14. a3 Rb8 15. Ne1 Re8 16. Nd3 Ne5 17. Nac5 Bg4 18. Re1 Nxd3 19. Nxd3 Re7 20. h3 Bf5 21. Rc5 Be4 22. Bxe4 Rxe4 23. Qa4 b6 24. Rc2 Qe7 25. Qc6 Re8 26. Qd5 g6 27. Kg2 h5 28. Rec1 Rxe2 29. Rxe2 Qxe2 30. Re1 Qxe1 31. Nxe1 Rxe1 32. g4 hxg4 33. hxg4 g5 34. b3 Kg7 35. Kf3 Re8 36. Qf5 a5 37. a4 Rd8 38. Qd3 Rc8 39. Ke4 Rd8 40. Kf3 Re8 41. Kg2 Rc8 42. Kf1 Re8 43. Qb5 Rd8 44. Ke2 d3+ 45. Kd2 Rd6 46. f3 Kf8 47. Qf5 Bc3+ 48. Kd1 Bb4 49. f4 Re6 0-1

[Event "Box Hill op"]
[Site "Box Hill"]
[Date "2001.10.05"]
[Round "5.3"]
[White "Gluzman, Mikhail"]
[Black "Nemeth, Janos2"]
[Result "1-0"]
[WhiteElo "2406"]
[BlackElo "1814"]
[PlyCount "73"]
[EventDate "2001.09.??"]
[EventType "swiss"]
[EventRounds "7"]
[EventCountry "AUS"]
[SourceTitle "EXT 2003"]
[Source "ChessBase"]
[SourceDate "2002.11.25"]
[SourceVersion "1"]
[SourceVersionDate "2002.11.25"]
[SourceQuality "1"]

1. e4 c5 2. Nf3 Nc6 3. d4 cxd4 4. Nxd4 Nf6 5. Nc3 d6 6. Be2 g6 7. 0-0 Bg7 8. Nb3 0-0 9. Bg5 Be6 10. Kh1 Na5 11. Nxa5 Qxa5 12. f4 Rac8 13. Bd3 Bc4 14. Qe1 h6 15. Bh4 Qb4 16. a3 Qxb2 17. Rb1 Qxa3 18. Nb5 Bxb5 19. Rxb5 b6 20. e5 dxe5 21. fxe5 Ne8 22. e6 f5 23. g4 g5 24. Bf2 Nd6 25. Rd5 fxg4 26. Qe2 Rf4 27. Bg3 Rxf1+ 28. Qxf1 Rf8 29. Qe1 Qa2 30. Rxd6 exd6 31. Qe4 Rf6 32. Qh7+ Kf8 33. Bxd6+ Ke8 34. Bb5+ Kd8 35. e7+ Kc8 36. e8Q+ Kb7 37. Qc6# 1-0

[Event "Doeberl Cup 39th"]
[Site "Canberra"]
[Date "2001.04.14"]
[Round "3.7"]
[White "Jovanovic, Peter"]
[Black "Gluzman, Mikhail"]
[Result "0-1"]
[WhiteElo "1873"]
[BlackElo "2369"]
[PlyCount "96"]
[EventDate "2001.04.13"]
[EventType "swiss"]
[EventRounds "7"]
[EventCountry "AUS"]
[SourceTitle "CBM 082 Extra"]
[Source "ChessBase"]
[SourceDate "2001.07.03"]
[SourceVersion "1"]
[SourceVersionDate "2001.07.03"]
[SourceQuality "1"]

1. e4 c5 2. Nf3 e6 3. c3 d5 4. exd5 Qxd5 5. d4 Nf6 6. Be2 Nc6 7. 0-0 cxd4 8. cxd4 Be7 9. Nc3 Qd8 10. Be3 0-0 11. a3 Nd5 12. Qd2 Bf6 13. Ne4 b6 14. Bg5 Bxg5 15. Nexg5 h6 16. Qc2 hxg5 17. Qxc6 Rb8 18. Ne5 Bb7 19. Qa4 Nf4 20. Bf3 Bxf3 21. Nxf3 Qd5 22. Rfe1 Nxg2 23. Kxg2 g4 24. Qd1 Rfd8 25. Re5 Qxf3+ 26. Qxf3 gxf3+ 27. Kxf3 Rxd4 28. Rc1 Rd3+ 29. Re3 Rxe3+ 30. Kxe3 Rb7 31. Ke4 Kf8 32. f4 g6 33. Ke5 Ke7 34. Ke4 Rd7 35. h3 Kf6 36. Rc2 Rd5 37. b4 Rh5 38. Rc7 a5 39. bxa5 Rxa5 40. Rc3 Ra4+ 41. Ke3 Kf5 42. Rb3 Re4+ 43. Kd3 Rxf4 44. Rb5+ e5 45. Rxb6 Rf3+ 46. Ke2 Rxa3 47. Rb7 f6 48. Rh7 g5 0-1

[Event "Australian op"]
[Site "Canberra"]
[Date "2001.01.09"]
[Round "11"]
[White "Gluzman, Mikhail"]
[Black "Zhao, Zong Yuan"]
[Result "0-1"]
[WhiteElo "2432"]
[BlackElo "2341"]
[PlyCount "70"]
[EventDate "2000.12.30"]
[EventType "swiss"]
[EventRounds "11"]
[EventCountry "AUS"]
[SourceTitle "EXT 2002"]
[Source "ChessBase"]
[SourceDate "2001.11.25"]
[SourceVersion "1"]
[SourceVersionDate "2001.11.25"]
[SourceQuality "1"]

1. d4 d5 2. Nf3 e6 3. c4 c6 4. Nbd2 f5 5. Ne5 Nf6 6. e3 Nbd7 7. f4 Nxe5 8. fxe5 Ne4 9. Nxe4 fxe4 10. Bd2 Qg5 11. Qe2 Be7 12. h4 Qg3+ 13. Kd1 h5 14. Be1 Qg6 15. Rg1 Bd7 16. g4 hxg4 17. Qxg4 Qxg4+ 18. Rxg4 Kf8 19. Rc1 Be8 20. Rf4+ Kg8 21. Bh3 Bh5+ 22. Kd2 Rh6 23. Bg3 Rf8 24. Rxf8+ Kxf8 25. cxd5 exd5 26. Bc8 Rg6 27. Bf4 Rg2+ 28. Kc3 b6 29. Kb3 Be2 30. e6 b5 31. Bd7 Bc4+ 32. Rxc4 dxc4+ 33. Kc3 a5 34. a3 Bxh4 35. Bd6+ Kg8 0-1

[Event "Box Hill CC-ch"]
[Site "Box Hill"]
[Date "2000.06.09"]
[Round "6.1"]
[White "Meydan, Arie"]
[Black "Gluzman, Mikhail"]
[Result "0-1"]
[WhiteElo "1802"]
[BlackElo "2486"]
[PlyCount "44"]
[EventDate "2000.??.??"]
[EventType "swiss"]
[EventRounds "9"]
[EventCountry "AUS"]
[SourceTitle "EXT 2003"]
[Source "ChessBase"]
[SourceDate "2002.11.25"]
[SourceVersion "1"]
[SourceVersionDate "2002.11.25"]
[SourceQuality "1"]

1. e4 d5 2. exd5 Nf6 3. d4 Bg4 4. Be2 Bxe2 5. Qxe2 Qxd5 6. Nf3 Nc6 7. Nc3 Qh5 8. Bf4 0-0-0 9. 0-0-0 e6 10. Ne5 Qxe2 11. Nxe2 Nxe5 12. dxe5 Rxd1+ 13. Rxd1 Nd5 14. Bg3 g5 15. c4 Nb6 16. b3 Nd7 17. f4 gxf4 18. Bxf4 Bg7 19. Nd4 Nxe5 20. Kc2 Rd8 21. h3 Nxc4 22. Nxe6 Na3+ 0-1

[Event "Doeberl Cup 38th"]
[Site "Canberra"]
[Date "2000.04.22"]
[Round "3"]
[White "Smerdon, David"]
[Black "Gluzman, Mikhail"]
[Result "1-0"]
[WhiteElo "2257"]
[BlackElo "2447"]
[PlyCount "61"]
[EventDate "2000.04.01"]
[EventType "swiss"]
[EventRounds "7"]
[EventCountry "AUS"]
[SourceTitle "EXT 2001"]
[Source "ChessBase"]
[SourceDate "2000.11.22"]
[SourceVersion "1"]
[SourceVersionDate "2000.11.22"]
[SourceQuality "1"]

1. e4 Nf6 2. e5 Nd5 3. d4 d6 4. c4 Nb6 5. exd6 cxd6 6. Nc3 g6 7. Bd3 Bg7 8. Nge2 0-0 9. 0-0 Nc6 10. d5 Ne5 11. b3 Nxd3 12. Qxd3 e5 13. dxe6 Bxe6 14. Ba3 Re8 15. Rad1 Qh4 16. Bxd6 Bg4 17. h3 Bxc3 18. hxg4 Bf6 19. Qf3 Be5 20. g3 Qg5 21. Bxe5 Rxe5 22. Nc3 Rae8 23. Rd4 Qe7 24. Kg2 Rf8 25. Nd5 Nxd5 26. Rxd5 Re2 27. Rfd1 Rxa2 28. Rd7 Qe5 29. Rxb7 a5 30. Rdd7 Qe6 31. Re7 1-0

[Event "Box Hill Autumn Cup"]
[Site "Box Hill"]
[Date "2000.02.25"]
[Round "4.1"]
[White "Gluzman, Mikhail"]
[Black "Kempen, Leon JP"]
[Result "1-0"]
[WhiteElo "2358"]
[BlackElo "2016"]
[PlyCount "55"]
[EventDate "2000.??.??"]
[EventType "swiss"]
[EventRounds "9"]
[EventCountry "AUS"]
[SourceTitle "EXT 2003"]
[Source "ChessBase"]
[SourceDate "2002.11.25"]
[SourceVersion "1"]
[SourceVersionDate "2002.11.25"]
[SourceQuality "1"]

1. e4 d6 2. d4 g6 3. c4 e5 4. Be3 Bh6 5. Nc3 Bxe3 6. fxe3 c6 7. Nf3 Bg4 8. dxe5 Bxf3 9. Qxf3 dxe5 10. c5 Qh4+ 11. g3 Qf6 12. Qg4 Ne7 13. Bc4 h5 14. Qe2 0-0 15. Rf1 Qg5 16. 0-0-0 Kg7 17. Qf2 f5 18. h4 Qh6 19. Kb1 b5 20. cxb6 axb6 21. Qd2 c5 22. Nd5 Nec6 23. Nc7 Ra7 24. Ne6+ Kh8 25. Nxf8 Qxf8 26. exf5 gxf5 27. Qd6 Re7 28. Qg6 1-0

[Event "Box Hill Autumn Cup"]
[Site "Box Hill"]
[Date "2000.02.18"]
[Round "3.1"]
[White "Nemeth, Janos2"]
[Black "Gluzman, Mikhail"]
[Result "0-1"]
[WhiteElo "1656"]
[BlackElo "2358"]
[PlyCount "94"]
[EventDate "2000.??.??"]
[EventType "swiss"]
[EventRounds "9"]
[EventCountry "AUS"]
[SourceTitle "EXT 2003"]
[Source "ChessBase"]
[SourceDate "2002.11.25"]
[SourceVersion "1"]
[SourceVersionDate "2002.11.25"]
[SourceQuality "1"]

1. e4 Nf6 2. Nc3 d5 3. exd5 Bg4 4. Be2 Bxe2 5. Qxe2 Nbd7 6. Nf3 g6 7. d4 Bg7 8. Bf4 0-0 9. 0-0 Nb6 10. Rfe1 Re8 11. Ne5 a6 12. Bg3 Nbxd5 13. Ne4 Nxe4 14. Qxe4 c6 15. c4 Nf6 16. Qe3 Qb6 17. b3 Rad8 18. Rad1 Nd7 19. Nf3 Nf6 20. Ne5 Nh5 21. c5 Qb4 22. Re2 Nxg3 23. hxg3 Bxe5 24. Qxe5 Rd5 25. Qe3 e5 26. f4 e4 27. Kh2 f5 28. Rc2 h5 29. Rdd2 Red8 30. Rc4 Qa5 31. Ra4 Qc7 32. Rc4 Qg7 33. b4 R8d7 34. a4 Qf6 35. Qb3 h4 36. Kg1 Kg7 37. gxh4 Rxd4 38. Rcxd4 Rxd4 39. Qc3 Rxd2 40. Qxd2 Qxh4 41. Qd7+ Kh6 42. Qd2 Qg3 43. Qd6 e3 44. Qf8+ Kh5 45. Qh8+ Kg4 46. Qh6 Qf2+ 47. Kh2 Qxf4+ 0-1

[Event "Box Hill Autumn Cup"]
[Site "Box Hill"]
[Date "2000.02.11"]
[Round "2.1"]
[White "Gluzman, Mikhail"]
[Black "Meydan, Arie"]
[Result "1-0"]
[WhiteElo "2358"]
[BlackElo "1652"]
[PlyCount "101"]
[EventDate "2000.??.??"]
[EventType "swiss"]
[EventRounds "9"]
[EventCountry "AUS"]
[SourceTitle "EXT 2003"]
[Source "ChessBase"]
[SourceDate "2002.11.25"]
[SourceVersion "1"]
[SourceVersionDate "2002.11.25"]
[SourceQuality "1"]

1. e4 e6 2. d4 d5 3. Nc3 dxe4 4. Nxe4 Be7 5. Nf3 Nf6 6. Nxf6+ Bxf6 7. Bd3 Nc6 8. c3 0-0 9. 0-0 g6 10. Re1 Bd7 11. Bh6 Re8 12. b4 a5 13. b5 Ne7 14. Qd2 c6 15. a4 cxb5 16. axb5 Nf5 17. Bg5 Bxg5 18. Nxg5 Nd6 19. Qf4 Qe7 20. c4 b6 21. Re3 h6 22. Nf3 Kg7 23. Ne5 Rad8 24. Rae1 Qg5 25. Nxg6 Bc8 26. Rg3 Qxf4 27. Nxf4+ Kf8 28. h4 Nxc4 29. Rc1 Nd6 30. Rc6 Nf5 31. Bxf5 exf5 32. Rxh6 Rxd4 33. Rh8+ Ke7 34. Re3+ Re4 35. Nd5+ Kd8 36. Rxe8+ Rxe8 37. Rd3 Re1+ 38. Kh2 Be6 39. Nxb6+ Kc7 40. Nd5+ Kb7 41. h5 Re4 42. h6 Bxd5 43. h7 Re8 44. Rxd5 Rh8 45. Rd7+ Kb6 46. Rxf7 Kxb5 47. Rxf5+ Kb4 48. Rf7 a4 49. Ra7 a3 50. g4 Kb3 51. g5 1-0

[Event "Doeberl Cup 37th"]
[Site "Canberra"]
[Date "1999.04.05"]
[Round "6"]
[White "Smerdon, David"]
[Black "Gluzman, Mikhail"]
[Result "0-1"]
[WhiteElo "2173"]
[BlackElo "2445"]
[PlyCount "102"]
[EventDate "1999.04.02"]
[EventType "swiss"]
[EventRounds "7"]
[EventCountry "AUS"]
[SourceTitle "CBM 069 Extra"]
[Source "ChessBase"]
[SourceDate "1999.05.10"]
[SourceVersion "1"]
[SourceVersionDate "1999.05.10"]
[SourceQuality "1"]

1. e4 Nc6 2. Nf3 e5 3. Bc4 Nf6 4. d4 exd4 5. 0-0 d6 6. Nxd4 Ne5 7. Bb3 c5 8. Nf3 Bg4 9. Ba4+ Nfd7 10. Bxd7+ Qxd7 11. Nxe5 dxe5 12. Qxd7+ Bxd7 13. Nc3 0-0-0 14. Rd1 f5 15. f3 f4 16. Bd2 c4 17. Be1 Bc5+ 18. Bf2 Bxf2+ 19. Kxf2 Bc6 20. g3 fxg3+ 21. hxg3 h5 22. Ke3 g5 23. Nd5 Bxd5 24. exd5 Kc7 25. b3 Kd6 26. bxc4 h4 27. gxh4 gxh4 28. Rd2 h3 29. Rh1 Rh4 30. Rdh2 Rdh8 31. Kd3 Kc5 32. Rb1 Rd4+ 33. Ke3 b6 34. Rbh1 Rdh4 35. Kd3 a5 36. a4 Rd4+ 37. Ke3 Rxc4 38. Rxh3 Rxh3 39. Rxh3 Rxa4 40. Rh6 b5 41. d6 Rd4 42. Re6 Kd5 43. Rh6 Kc4 44. Re6 a4 45. Rxe5 Rxd6 46. Rh5 a3 47. Rh1 Kc3 48. Rb1 a2 49. Ra1 Re6+ 50. Kf4 Kb2 51. Kf5 Rc6 0-1

[Event "Doeberl Cup 37th"]
[Site "Canberra"]
[Date "1999.04.03"]
[Round "3"]
[White "Gluzman, Mikhail"]
[Black "Chapman, Mark"]
[Result "1-0"]
[WhiteElo "2445"]
[BlackElo "2305"]
[PlyCount "67"]
[EventDate "1999.04.02"]
[EventType "swiss"]
[EventRounds "7"]
[EventCountry "AUS"]
[SourceTitle "CBM 069 Extra"]
[Source "ChessBase"]
[SourceDate "1999.05.10"]
[SourceVersion "1"]
[SourceVersionDate "1999.05.10"]
[SourceQuality "1"]

1. e4 e5 2. Nf3 f5 3. exf5 d6 4. d4 e4 5. Ng5 Bxf5 6. g4 Bc8 7. Nxe4 d5 8. Ng3 Qh4 9. Qe2+ Ne7 10. f3 Nbc6 11. Be3 h5 12. Nc3 hxg4 13. Bg2 Be6 14. 0-0-0 0-0-0 15. Rde1 Kb8 16. Qd2 Qf6 17. Bg5 Qg6 18. fxg4 Bxg4 19. h4 a6 20. Rhf1 Qd6 21. Qf4 Qxf4+ 22. Rxf4 Bc8 23. Rf7 Rd7 24. Bh3 Rd6 25. Bxc8 Nxc8 26. Nf5 g6 27. Nxd6 Nxd6 28. Rf6 Nxd4 29. Rxg6 Nf3 30. Rf1 Ne5 31. Re6 Bg7 32. Re7 Rg8 33. Nxd5 Ne4 34. Nf6 1-0

[Event "AUS-ch"]
[Site "Melbourne"]
[Date "1998.01.08"]
[Round "10"]
[White "West, Guy"]
[Black "Gluzman, Mikhail"]
[Result "0-1"]
[WhiteElo "2425"]
[BlackElo "2435"]
[PlyCount "156"]
[EventDate "1997.12.??"]
[EventType "swiss"]
[EventRounds "11"]
[EventCountry "AUS"]
[SourceTitle "EXT 2001"]
[Source "ChessBase"]
[SourceDate "2000.11.22"]
[SourceVersion "1"]
[SourceVersionDate "2000.11.22"]
[SourceQuality "1"]

1. e4 d5 2. exd5 Nf6 3. Nf3 Qxd5 4. Nc3 Qd8 5. d4 g6 6. Bc4 Bg7 7. 0-0 0-0 8. h3 b6 9. Re1 Bb7 10. Qe2 Nc6 11. Be3 Nb4 12. Bb3 e6 13. Ne5 Nbd5 14. Nxd5 Nxd5 15. Bd2 a5 16. Rad1 a4 17. Bc4 a3 18. b3 Qh4 19. c3 Rad8 20. Nf3 Qe7 21. Bd3 c5 22. Be4 cxd4 23. Nxd4 Qc5 24. Qc4 Rd7 25. Qxc5 bxc5 26. Nb5 Bc6 27. Nxa3 Ra8 28. c4 Ne7 29. Bxc6 Nxc6 30. Bc1 Nd4 31. Kf1 Rda7 32. Nb5 Rxa2 33. Be3 Nxb3 34. Rd3 Nd4 35. Nxd4 cxd4 36. Bxd4 Bxd4 37. Rxd4 Rc2 38. g4 Raa2 39. Rf4 g5 40. Rf3 Rxc4 41. Rb1 Ra7 42. Kg2 Kg7 43. Rb8 Raa4 44. Kg3 Rc7 45. Rfb3 Ra1 46. R8b7 Rg1+ 47. Kf3 Rc4 48. Rd7 Rf4+ 49. Ke2 Rh1 50. Rdd3 Re4+ 51. Kd2 Ra1 52. Rf3 Ra2+ 53. Kd3 Ree2 54. Rb7 Red2+ 55. Kc3 Rac2+ 56. Kb3 Rb2+ 57. Kc3 Rdc2+ 58. Kd3 Rxb7 59. Kxc2 Rd7 60. Ra3 Rd4 61. f3 Kf6 62. Re3 Rd8 63. Re1 Rd5 64. Ra1 Kg6 65. Ra7 Rd4 66. Ra5 h6 67. Ra7 h5 68. Ra3 hxg4 69. hxg4 f5 70. gxf5+ exf5 71. Kc3 Rd6 72. Ra4 Kh5 73. Ra5 f4 74. Ra1 g4 75. Rh1+ Kg5 76. Rg1 g3 77. Ra1 Rd5 78. Rh1 Ra5 0-1